000 00388nam a2200133Ia 4500
005 20260328101454.0
008 260328s9999||||xx |||||||||||||| ||und||
100 _aWoodbridge París, Richard
245 0 _aHistoria de la Arquitectura de Costa Rica /
_cRichard Woodbridge París
260 _bTecnológica de Costa Rica
300 _a175 p.
650 _aARQUITECTURA REGIONAL
942 _cBK
999 _c8774
_d8774